[Event "Kolkata DBCA op 5th"]
[Site "Kolkata"]
[Date "2024.04.12"]
[Round "3"]
[White "Arpan, Das"]
[Black "Ahanjit, Banerjee"]
[Result "1-0"]
[WhiteElo "1988"]
[BlackElo "1711"]
[PlyCount "69"]
[EventDate "2024.04.11"]
[EventType "swiss"]
[EventRounds "9"]
[EventCountry "IND"]
[SourceTitle "CB17_2024"]
[SourceDate "2024.04.24"]
[SourceVersion "1"]
[SourceVersionDate "2024.04.24"]
[SourceQuality "1"]

1. d4 Nf6 2. c4 c5 3. d5 e6 4. Nc3 exd5 5. cxd5 d6 6. e4 g6 7. Bd3 Bg7 8. Nge2 0-0 9. 0-0 Nbd7 10. Ng3 a6 11. a4 Rb8 12. h3 Ne8 13. Be3 Nc7 14. f4 b5 15. axb5 axb5 16. e5 c4 17. Bb1 b4 18. Nce4 dxe5 19. f5 Ne8 20. Bg5 Qb6+ 21. Kh2 Nef6 22. d6 Bb7 23. Qe2 Qc6 24. Ra7 Qb6 25. Be3 Qc6 26. Rc1 Rfc8 27. b3 c3 28. Bd3 Nb6 29. Bb5 Qd5 30. Nxf6+ Bxf6 31. Bxb6 Qxd6 32. Be3 Rd8 33. Rxb7 Rxb7 34. Ne4 Qe7 35. Bc5 1-0

[Event "Guwahati Sakatam op 1st"]
[Site "Guwahati"]
[Date "2024.03.24"]
[Round "3"]
[White "Mishra, Neeraj Kumar"]
[Black "Ahanjit, Banerjee"]
[Result "1-0"]
[WhiteElo "2150"]
[BlackElo "1683"]
[PlyCount "49"]
[EventDate "2024.03.23"]
[EventType "swiss"]
[EventRounds "10"]
[EventCountry "IND"]
[SourceTitle "CB15_2024"]
[SourceDate "2024.04.10"]
[SourceVersion "1"]
[SourceVersionDate "2024.04.10"]
[SourceQuality "1"]

1. d4 Nf6 2. g3 c5 3. Nf3 cxd4 4. Nxd4 e5 5. Nb3 d5 6. Bg2 h6 7. 0-0 Nc6 8. c3 Be6 9. Be3 Qd7 10. Re1 Be7 11. Nc5 Bxc5 12. Bxc5 0-0-0 13. Na3 Kb8 14. Nb5 b6 15. Bd6+ Kb7 16. c4 a6 17. Bc7 Ra8 18. Nc3 d4 19. Bxe5 dxc3 20. Qa4 Rac8 21. Rad1 Qe8 22. Rd6 Bd7 23. Bxf6 gxf6 24. Red1 Rc7 25. Rxd7 1-0